Statistics for Lorna Shore Songs

Click here to take the quiz!

General Stats

  • This quiz has been taken 110 times
  • The average score is 24 of 59

Answer Stats

AlbumSong% Correct
...And I Return To NothingnessTo the Hellfire
98%
…And I Return To NothingnessOf the Abyss
93%
...And I Return To Nothingness...And I Return To Nothingness
91%
Pain RemainsSun Eater
91%
Pain RemainsInto the Earth
84%
ImmortalImmortal
82%
Pain RemainsCursed to Die
80%
Pain RemainsWrath
80%
Pain RemainsWelcome Back, O' Sleeping Dreamer
78%
Pain RemainsPain Remains I: Dancing Like Flames
69%
Pain RemainsSoulless Existence
69%
Flesh CoffinFlesh Coffin
64%
Pain RemainsApotheosis
62%
Pain RemainsPain Remains II: After All I've Done, I'll Disappear
62%
Pain RemainsPain Remains III: In a Sea of Fire
62%
ImmortalDeath Portrait
58%
ImmortalKing Ov Deception
55%
The Absolution of HatredThe Absolution of Hatred
53%
ImmortalThis is Hell
51%
Bone KingdomBone Kingdom
47%
Flesh CoffinFVNERAL MOON
45%
MaleficiumMaleficium
44%
ImmortalMisery System
42%
MaleficiumGodmaker
38%
ImmortalHollow Sentence
38%
ImmortalDarkest Spawn
36%
ImmortalObsession
36%
ImmortalWarpath of Disease
36%
PsalmsGrimoire
35%
MaleficiumCre(H)ate
33%
Flesh CoffinOffering of Fire
33%
Bone KingdomLife of Fear
31%
ImmortalRelentless Torment
31%
Flesh CoffinThe Astral Wake of Time
29%
Bone KingdomI Before You
25%
Flesh CoffinThe Watcher
25%
MaleficiumBorn in Blood
24%
Flesh CoffinDenounce the Light
24%
Flesh CoffinVoid
24%
TriumphA71
22%
Flesh CoffinDesolate Veil
22%
PsalmsFrom the Pale Mist
22%
PsalmsWhite Noise
22%
TriumphWhere There's Ruin
20%
Bone KingdomAnnihilator
18%
Flesh CoffinBlack Hollow
18%
PsalmsHarvest of Realms
18%
Flesh CoffinInfernum
18%
PsalmsThrone of Worms
18%
MaleficiumAccumulatory Genophage
16%
Bone KingdomCerebral Cortex
16%
PsalmsDeath Gowns
16%
PsalmsInfernal Haunting
16%
PsalmsWretching in Torment
16%
TriumphInfection
15%
TriumphSecond Skin
15%
TriumphThe Alliance
15%
PsalmsTraces of Supremacy
15%
PsalmsEternally Oblivion
13%

Score Distribution

Percentile by Number Answered

Percent of People with Each Score

Your Score History

You have not taken this quiz